Desarrollo de un modelo para reducir las causas del impacto ambiental negativo de una empresa asociada a ACIPLAST, permitiéndole con esto tener una ventaja competitiva
محفوظ في:
| المؤلف الرئيسي: | |
|---|---|
| مؤلفون آخرون: | |
| التنسيق: | كتاب |
| منشور في: |
San José, C.R.
1997
|
| الموضوعات: | |
| الوسوم: |
إضافة وسم
لا توجد وسوم, كن أول من يضع وسما على هذه التسجيلة!
|
MARC
| LEADER | 00000nam a2200000Ia 4500 | ||
|---|---|---|---|
| 003 | 008270 | ||
| 005 | 20221231144229.0 | ||
| 008 | 140114s1997 cr a m 000 ||s d | ||
| 040 | |c cru CEDI | ||
| 090 | |a TFG 3703 | ||
| 100 | |a Fernández Cabrera, Boris |9 9372 | ||
| 245 | |a Desarrollo de un modelo para reducir las causas del impacto ambiental negativo de una empresa asociada a ACIPLAST, permitiéndole con esto tener una ventaja competitiva | ||
| 260 | |c 1997 |a San José, C.R. | ||
| 300 | |a xviii, 271 hojas : ilustraciones | ||
| 500 | |a Proyecto de graduación (licenciatura en ingeniería industrial)--Universidad de Costa Rica. Facultad de Ingeniería. Escuela de Ingeniería Industrial | ||
| 650 | |x EVALUACION DEL IMPACTO AMBIENTAL |x PLASTICOS - INDUSTRIA Y COMERCIO |9 9374 | ||
| 700 | |9 9373 |a Mora Hidalgo, Luis Fernando | ||
| 942 | |c TFG | ||
| 999 | |c 18784 |d 18784 | ||
